| 000 | 00382nam a22001697a 4500 | ||
|---|---|---|---|
| 005 | 20180619111827.0 | ||
| 008 | 160618b xxu||||| |||| 00| 0 eng d | ||
| 020 | _a81-4169-960-3 | ||
| 041 | _aeng | ||
| 082 |
_b8078 _a658 |
||
| 100 |
_aDubey, V.K. _94384 |
||
| 245 | _aCorporate Management | ||
| 260 | _bcomman welth | ||
| 300 | _a211 | ||
| 650 |
_aManagement _9241 |
||
| 942 | _cBK | ||
| 999 |
_c3044 _d3043 |
||